000 00537nam a2200217Ia 4500
003 OSt
005 20220924152215.0
006 a|||||r|||| 00| 0
007 ta
008 220923b |||||||| |||| 00| 0 mar d
024 _a341531
037 _cTextual
040 _aARTS
_cARTS
_bmar
041 _2mar
_amar
082 _aO155,3NPAI,2, K3
100 _aPanavlkar D.
_9226118
245 0 _aAoudumbakar
260 _c1963
942 _hO155,3NPAI,2, K3
_cTEXL
_2CC
999 _c469094
_d469094